[Event "36. Copenhagen Open (Politiken Cup)"]
[Site "Elsinore"]
[Date "2014.07.29"]
[Round "10"]
[White "Rasmussen, Allan Stig"]
[Black "Smirnov, Anton"]
[Result "0-1"]
[WhiteElo "2522"]
[BlackElo "2334"]
[PlyCount "56"]
[EventDate "2014.07.21"]
[EventType "swiss"]
[EventRounds "10"]
[EventCountry "DEN"]
[Source "ChessBase"]
[SourceDate "2014.08.29"]

1. Nf3 Nf6 2. c4 g6 3. Nc3 d5 4. cxd5 Nxd5 5. Qc2 Nc6 6. d4 Ndb4 7. Qa4 Bd7 8.
Qd1 e5 9. dxe5 Bf5 10. Bg5 Be7 11. e4 Bg4 12. Bxe7 Qxe7 13. a3 Bxf3 14. gxf3
Rd8 15. Qa4 Nd3+ 16. Bxd3 Rxd3 17. Qb5 Rxf3 18. Qxb7 Nd8 19. Qb4 Qxe5 20. Rd1
a5 21. Qb8 Qe7 22. Qb5+ c6 23. Qxa5 O-O 24. O-O Qh4 25. Qe5 Ne6 26. Ne2 Ng5 27.
Kg2 Qg4+ 28. Ng3 Rf5 0-1

[Event "36. Copenhagen Open (Politiken Cup)"]
[Site "Elsinore"]
[Date "2014.07.29"]
[Round "10"]
[White "Rasmussen, Morten Fredsgaard"]
[Black "Liedbeck, Patrik"]
[Result "1-0"]
[WhiteElo "1949"]
[BlackElo "1858"]
[PlyCount "77"]
[EventDate "2014.07.21"]
[EventType "swiss"]
[EventRounds "10"]
[EventCountry "DEN"]
[Source "ChessBase"]
[SourceDate "2014.08.29"]

1. d4 Nf6 2. Bf4 g6 3. Nd2 Bg7 4. e4 d6 5. c3 O-O 6. Bc4 Nc6 7. Ngf3 e5 8. dxe5
Nh5 9. Bg5 Qd7 10. exd6 Qxd6 11. Nb3 Re8 12. Qxd6 Rxe4+ 13. Be3 cxd6 14. Bxf7+
Kf8 15. Bd5 Re8 16. O-O Nf6 17. Rad1 Nxd5 18. Rxd5 Be5 19. Nxe5 dxe5 20. Nc5 b6
21. Rd6 Na5 22. Ne4 Be6 23. b3 Nb7 24. Rd2 Rac8 25. c4 Bf5 26. Nf6 Re7 27. Rfd1
Kg7 28. Nd5 Rd7 29. Bg5 Kf7 30. h3 Nc5 31. f3 e4 32. g4 Be6 33. Rf1 Kg7 34.
Bf6+ Kf7 35. Bc3 Bxd5 36. fxe4+ Ke8 37. exd5 Ne4 38. Re2 Re7 39. Rfe1 1-0

[Event "36. Copenhagen Open (Politiken Cup)"]
[Site "Elsinore"]
[Date "2014.07.29"]
[Round "10"]
[White "Rewitz, Poul"]
[Black "Collareta, Giovanni"]
[Result "1-0"]
[WhiteElo "2218"]
[BlackElo "2095"]
[PlyCount "37"]
[EventDate "2014.07.21"]
[EventType "swiss"]
[EventRounds "10"]
[EventCountry "DEN"]
[Source "ChessBase"]
[SourceDate "2014.08.29"]

1. e4 c5 2. b4 cxb4 3. a3 d5 4. exd5 Nf6 5. axb4 Nxd5 6. b5 e6 7. Nf3 Be7 8. c4
Bf6 9. d4 Ne7 10. Be2 b6 11. O-O Bb7 12. Bb2 O-O 13. Qc2 Nd7 14. Rd1 Qc7 15.
Nbd2 g6 16. Ne4 Bg7 17. Ba3 Bxe4 18. Qxe4 Rfe8 19. Bxe7 1-0

[Event "36. Copenhagen Open (Politiken Cup)"]
[Site "Elsinore"]
[Date "2014.07.29"]
[Round "10"]
[White "Riis, Jens"]
[Black "Abrahamyan, Tatev"]
[Result "0-1"]
[WhiteElo "2172"]
[BlackElo "2366"]
[PlyCount "110"]
[EventDate "2014.07.21"]
[EventType "swiss"]
[EventRounds "10"]
[EventCountry "DEN"]
[Source "ChessBase"]
[SourceDate "2014.08.29"]

1. c4 c5 2. Nc3 Nc6 3. g3 g6 4. Bg2 Bg7 5. Nf3 e5 6. O-O Nge7 7. Ne1 d6 8. Nc2
Be6 9. Ne3 O-O 10. d3 Qd7 11. a3 Bh3 12. Rb1 Bxg2 13. Kxg2 f5 14. f4 exf4 15.
gxf4 Rae8 16. Ned5 Nxd5 17. Nxd5 Ne7 18. Nxe7+ Rxe7 19. e3 d5 20. b4 d4 21.
exd4 Bxd4 22. Bb2 Qc6+ 23. Kg3 Re3+ 24. Rf3 Rfe8 25. Bxd4 cxd4 26. b5 Qf6 27.
Rb2 Rxf3+ 28. Kxf3 Qh4 29. Kg2 Re3 30. Qf1 Qh3+ 31. Kg1 Qxf1+ 32. Kxf1 Rxd3 33.
c5 Rxa3 34. b6 axb6 35. Rxb6 d3 36. Kf2 Ra5 37. Rxb7 Rxc5 38. Rd7 Rc2+ 39. Ke3
Rxh2 40. Kxd3 h5 41. Ke3 h4 42. Ra7 Rb2 43. Kf3 h3 44. Kg3 h2 45. Ra1 Kf7 46.
Re1 Kf6 47. Kf3 Rb8 48. Kg2 Rh8 49. Kh1 Rh4 50. Rf1 Ke6 51. Re1+ Kd6 52. Rd1+
Kc5 53. Rc1+ Kd5 54. Rd1+ Ke4 55. Rd6 Rg4 0-1

[Event "36. Copenhagen Open (Politiken Cup)"]
[Site "Elsinore"]
[Date "2014.07.29"]
[Round "10"]
[White "Rogers, Timothy"]
[Black "Hoiberg, Nina"]
[Result "1-0"]
[WhiteElo "2011"]
[BlackElo "2224"]
[PlyCount "197"]
[EventDate "2014.07.21"]
[EventType "swiss"]
[EventRounds "10"]
[EventCountry "DEN"]
[Source "ChessBase"]
[SourceDate "2014.08.29"]

1. e4 e5 2. Nf3 Nc6 3. d4 exd4 4. Nxd4 Bc5 5. Nxc6 Qf6 6. Qf3 dxc6 7. Bc4 Be6
8. Qxf6 Nxf6 9. Bxe6 fxe6 10. f3 O-O-O 11. Nd2 Rhg8 12. h4 Be3 13. Nc4 Bxc1 14.
Rxc1 Rd4 15. Ne3 Rgd8 16. Rd1 c5 17. c3 Ra4 18. Rxd8+ Kxd8 19. a3 b5 20. Nc2
Ke7 21. Ke2 Ra6 22. Rd1 c4 23. g3 Nd7 24. f4 Nc5 25. e5 Nd3 26. Nb4 Nxb4 27.
axb4 Ra2 28. Rb1 a5 29. bxa5 Rxa5 30. Ke3 c5 31. Ke4 b4 32. cxb4 Rb5 33. bxc5
c3 34. Kd3 cxb2 35. Kc4 Rb8 36. Kc3 Rb5 37. Rxb2 Rxc5+ 38. Kd4 Rc7 39. h5 Ra7
40. Rb3 g6 41. h6 Kf7 42. Kc5 g5 43. fxg5 Kg6 44. Rb6 Kxg5 45. Rxe6 Kf5 46. Re8
Ra5+ 47. Kd4 Ra4+ 48. Kd5 Ra5+ 49. Kd6 Ra6+ 50. Kd7 Ra7+ 51. Kd8 Kg6 52. Re6+
Kf5 53. Re7 Ra6 54. Kd7 Ra7+ 55. Ke8 Ra6 56. Kd7 Ra7+ 57. Kd6 Ra6+ 58. Kd5 Ra5+
59. Kd4 Ra4+ 60. Ke3 Ra3+ 61. Kf2 Ra6 62. Kf3 Ra3+ 63. Kg2 Ra6 64. Rxh7 Kg6 65.
Rd7 Ra2+ 66. Kf3 Kxh6 67. Rd4 Kg5 68. Re4 Ra7 69. Re3 Kf5 70. g4+ Ke6 71. Kf4
Rf7+ 72. Ke4 Rg7 73. Kf4 Rf7+ 74. Kg5 Rf8 75. Kh6 Rh8+ 76. Kg7 Ra8 77. g5 Ra7+
78. Kh6 Ra1 79. g6 Rh1+ 80. Kg7 Ra1 81. Kh7 Rh1+ 82. Kg8 Rg1 83. g7 Rh1 84. Rf3
Ra1 85. Rf8 Ke7 86. Rf6 Rh1 87. Rf7+ Ke8 88. e6 Rh2 89. e7 Rh1 90. Rf8+ Kxe7
91. Rf7+ Ke8 92. Rf5 Ke7 93. Rf7+ Ke8 94. Rf4 Re1 95. Kh7 Rh1+ 96. Kg6 Rg1+ 97.
Kf6 Rg2 98. Re4+ Kd7 99. Re5 1-0

[Event "36. Copenhagen Open (Politiken Cup)"]
[Site "Elsinore"]
[Date "2014.07.29"]
[Round "10"]
[White "Rose, Dennis Lauge"]
[Black "Frisk, Hans"]
[Result "1/2-1/2"]
[WhiteElo "1839"]
[BlackElo "2042"]
[PlyCount "144"]
[EventDate "2014.07.21"]
[EventType "swiss"]
[EventRounds "10"]
[EventCountry "DEN"]
[Source "ChessBase"]
[SourceDate "2014.08.29"]

1. e4 e5 2. Bc4 Nf6 3. d3 Nc6 4. a3 Be7 5. Nc3 O-O 6. Nge2 d6 7. O-O Be6 8.
Bxe6 fxe6 9. f4 Qe8 10. fxe5 dxe5 11. b4 Rd8 12. Ng3 Nd4 13. Be3 Qc6 14. Qd2 a6
15. h3 b5 16. Rac1 Nd7 17. Nce2 Rxf1+ 18. Kxf1 Nxe2 19. Qxe2 Qc3 20. Qg4 Rf8+
21. Kg1 Rf6 22. h4 Qxa3 23. Qh5 Rg6 24. Qf3 Bxh4 25. Nh5 Qxb4 26. Rf1 Bf6 27.
Qh3 Qe7 28. Ra1 Nb8 29. Ba7 Nc6 30. Qe3 Bg5 31. Qf2 Bh4 32. g3 Bxg3 33. Nxg3
Nxa7 34. Rxa6 c5 35. Kg2 Rf6 36. Qe3 Rf7 37. Rb6 Qc7 38. Rxe6 Re7 39. Ra6 Qc8
40. Qg5 Rf7 41. Rd6 Rd7 42. Nf5 Kf8 43. Re6 Qd8 44. Qe3 Qc7 45. Qf3 Rf7 46. Qg3
Nc6 47. Nd6 Re7 48. Qf2+ Kg8 49. Nxb5 Qd7 50. Rd6 Qg4+ 51. Qg3 Qxg3+ 52. Kxg3
Nd4 53. Rd8+ Kf7 54. Nd6+ Ke6 55. Nc8 Rd7 56. Re8+ Kf6 57. Nb6 Rd6 58. Nd5+ Kf7
59. Re7+ Kf8 60. Rxe5 Nxc2 61. Nf4 Nb4 62. Ne6+ Kf7 63. Nxc5 Nxd3 64. Rf5+ Kg6
65. Nb7 Re6 66. Kf3 Rb6 67. Nd8 Rb3 68. Kg4 h5+ 69. Kh4 Rb4 70. Rg5+ Kf6 71.
Rf5+ Kg6 72. Rg5+ Kf6 1/2-1/2

[Event "36. Copenhagen Open (Politiken Cup)"]
[Site "Elsinore"]
[Date "2014.07.29"]
[Round "10"]
[White "Rosenkilde, Alexander"]
[Black "Olofsson Dolk, Mattis"]
[Result "0-1"]
[WhiteElo "2255"]
[BlackElo "2143"]
[PlyCount "56"]
[EventDate "2014.07.21"]
[EventType "swiss"]
[EventRounds "10"]
[EventCountry "DEN"]
[Source "ChessBase"]
[SourceDate "2014.08.29"]

1. d4 Nf6 2. c4 g6 3. Nc3 d5 4. Nf3 Bg7 5. h4 dxc4 6. e4 Bg4 7. Bxc4 O-O 8. Be3
Nfd7 9. h5 Nb6 10. Bb3 Nc6 11. hxg6 hxg6 12. e5 Na5 13. Bc2 Nac4 14. Bh6 Bxf3
15. gxf3 Bxh6 16. Rxh6 Kg7 17. Rh4 e6 18. Rg4 Rh8 19. Ke2 Nd5 20. Bxg6 Nde3 21.
Be4+ Nxg4 22. fxg4 Qg5 23. Bf3 Rh2 24. Ne4 Qe3+ 25. Kf1 Nd2+ 26. Qxd2 Qxf3 27.
Ng3 Qxg4 28. Qe3 Rah8 0-1

[Event "36. Copenhagen Open (Politiken Cup)"]
[Site "Elsinore"]
[Date "2014.07.29"]
[Round "10"]
[White "Royset, Pal"]
[Black "Ikeda, Junta"]
[Result "0-1"]
[WhiteElo "2208"]
[BlackElo "2402"]
[PlyCount "144"]
[EventDate "2014.07.21"]
[EventType "swiss"]
[EventRounds "10"]
[EventCountry "DEN"]
[Source "ChessBase"]
[SourceDate "2014.08.29"]

1. e4 c5 2. Nc3 e6 3. Nf3 a6 4. d4 cxd4 5. Nxd4 b5 6. Bd3 Qb6 7. Nb3 Qc7 8. O-O
Bb7 9. f4 b4 10. Ne2 Nf6 11. Ng3 h5 12. Qe2 h4 13. Nh1 h3 14. g3 a5 15. Nf2 a4
16. Nd4 Bc5 17. Be3 Qb6 18. c3 Nc6 19. Nc2 Bxe3 20. Nxe3 e5 21. Nd5 Qa5 22.
cxb4 Nxb4 23. Nxb4 Qxb4 24. fxe5 Nh7 25. Qe3 Bc6 26. Rab1 Ra5 27. Ng4 Qc5 28.
Qxc5 Rxc5 29. Rfc1 Rxc1+ 30. Rxc1 Ke7 31. Kf2 Rb8 32. Rc2 Ng5 33. Ke3 Rb4 34.
Nf2 Rb6 35. Bc4 Bb7 36. Kf4 f6 37. exf6+ gxf6 38. Rd2 Rb4 39. b3 axb3 40. axb3
Ne6+ 41. Ke3 Ng5 42. Nd3 Rb6 43. Nc5 Bc6 44. Rd4 Rb8 45. Na6 Rb7 46. Bg8 Kf8
47. Bc4 Ke7 48. b4 d6 49. Bd5 Kd7 50. Rd2 Rb6 51. Bxc6+ Kxc6 52. Rd5 Nf7 53.
b5+ Kb7 54. Nb4 Ne5 55. Kf4 Kc7 56. g4 Kd7 57. Na6 Ng6+ 58. Kg3 Ne7 59. Rh5 d5
60. exd5 Rxb5 61. d6 Rb3+ 62. Kf4 Kxd6 63. Nc5 Rb4+ 64. Ne4+ Ke6 65. Kf3 Rb3+
66. Kf2 Rb2+ 67. Kg3 Ng6 68. Nc5+ Kf7 69. Rh7+ Kg8 70. Rxh3 Rc2 71. Ne4 Kg7 72.
Nf2 Rc3+ 0-1

[Event "36. Copenhagen Open (Politiken Cup)"]
[Site "Elsinore"]
[Date "2014.07.29"]
[Round "10"]
[White "Rydstrom, Tom"]
[Black "Andersen, Rune Egede"]
[Result "1-0"]
[WhiteElo "2234"]
[BlackElo "2132"]
[PlyCount "105"]
[EventDate "2014.07.21"]
[EventType "swiss"]
[EventRounds "10"]
[EventCountry "DEN"]
[Source "ChessBase"]
[SourceDate "2014.08.29"]

1. d4 d5 2. Nf3 Nf6 3. Bf4 c5 4. c3 Nc6 5. e3 Qb6 6. Qb3 c4 7. Qxb6 axb6 8.
Nbd2 b5 9. Ne5 b4 10. Nxc6 bxc3 11. bxc3 bxc6 12. a4 e6 13. Be2 Be7 14. O-O Kd7
15. Rfb1 Ba6 16. Nf3 Rhc8 17. h3 Ne4 18. Rc1 g5 19. Bh2 f6 20. Ne1 Ra7 21. Bd1
Rca8 22. Ra2 Bb5 23. f3 Nxc3 24. Rxc3 Bb4 25. Raa3 Bxa4 26. Bxa4 Rxa4 27. Rxa4
Rxa4 28. Rc1 Bd2 29. Rd1 Bxe3+ 30. Kf1 Ra2 31. Bg1 Bd2 32. Bf2 h5 33. h4 g4 34.
fxg4 hxg4 35. h5 Bg5 36. Rb1 Rd2 37. Rb7+ Kd6 38. Rg7 e5 39. Rxg5 fxg5 40. h6
Ra2 41. h7 Ra8 42. Bg3 c5 43. Bxe5+ Ke6 44. h8=Q Rxh8 45. Bxh8 cxd4 46. Bxd4
Kf5 47. Ke2 Ke4 48. Nc2 g3 49. Kd2 g4 50. Kc3 Kf5 51. Ne3+ Ke4 52. Nxg4 Kf5 53.
Nf6 1-0

[Event "36. Copenhagen Open (Politiken Cup)"]
[Site "Elsinore"]
[Date "2014.07.29"]
[Round "10"]
[White "Sajjadi, Kimiya"]
[Black "Tallaksen, Henrik G"]
[Result "1/2-1/2"]
[WhiteElo "1531"]
[BlackElo "1771"]
[PlyCount "28"]
[EventDate "2014.07.21"]
[EventType "swiss"]
[EventRounds "10"]
[EventCountry "DEN"]
[Source "ChessBase"]
[SourceDate "2014.08.29"]

1. d4 Nf6 2. c4 e6 3. Nc3 Bb4 4. Qc2 O-O 5. Bg5 h6 6. Bh4 c5 7. a3 Bxc3+ 8.
Qxc3 g5 9. Bg3 Ne4 10. Qd3 f5 11. f3 Nxg3 12. hxg3 Qf6 13. O-O-O b6 14. e4 cxd4
1/2-1/2

[Event "36. Copenhagen Open (Politiken Cup)"]
[Site "Elsinore"]
[Date "2014.07.29"]
[Round "10"]
[White "Saltvedt, Martin"]
[Black "Rosell, Sven"]
[Result "0-1"]
[WhiteElo "1779"]
[BlackElo "1985"]
[PlyCount "114"]
[EventDate "2014.07.21"]
[EventType "swiss"]
[EventRounds "10"]
[EventCountry "DEN"]
[Source "ChessBase"]
[SourceDate "2014.08.29"]

1. d4 Nf6 2. c4 g6 3. Nc3 Bg7 4. e4 d6 5. f3 O-O 6. Be3 Nbd7 7. Bd3 c5 8. d5
Ne5 9. Nge2 e6 10. O-O exd5 11. cxd5 Qa5 12. Rb1 Bd7 13. Nc1 b5 14. a3 Nxd3 15.
Nxd3 b4 16. axb4 cxb4 17. Ra1 Qc7 18. Nxb4 a5 19. Nd3 Rfb8 20. Rf2 Ne8 21. Rc2
Qb7 22. Qd2 Rc8 23. Na4 Qb3 24. Rxc8 Rxc8 25. Ra3 Qc2 26. Nc3 Qxd2 27. Bxd2
Bd4+ 28. Kf1 a4 29. Ke2 Rb8 30. Be3 Bf6 31. f4 Bxc3 32. Rxc3 Bb5 33. Rc2 Nf6
34. Ba7 Ra8 35. Bd4 Nxe4 36. Ke3 Re8 37. Be5 Nf6 38. Kd4 dxe5+ 39. Nxe5 Rd8 40.
Rc5 Be8 41. Nc4 Bd7 42. h3 h5 43. Ke5 Kg7 44. Nd6 Be8 45. Rc7 Nd7+ 46. Kd4 Kf8
47. Nb7 Rb8 48. d6 Kg7 49. Kd5 Kf6 50. Kc6 Ke6 51. g4 hxg4 52. hxg4 Nf6+ 53.
Kb6 Nd5+ 54. Ka7 Nxc7 55. dxc7 Rc8 56. Nc5+ Kd5 57. Kb7 Rxc7+ 0-1

[Event "36. Copenhagen Open (Politiken Cup)"]
[Site "Elsinore"]
[Date "2014.07.29"]
[Round "10"]
[White "Schandorff, Lars"]
[Black "Fries Nielsen, Jens Ove"]
[Result "1-0"]
[WhiteElo "2529"]
[BlackElo "2398"]
[PlyCount "59"]
[EventDate "2014.07.21"]
[EventType "swiss"]
[EventRounds "10"]
[EventCountry "DEN"]
[Source "ChessBase"]
[SourceDate "2014.08.29"]

1. d4 g6 2. c4 Bg7 3. e4 e6 4. Nc3 Ne7 5. Nf3 h6 6. Bd3 d6 7. Be3 Nd7 8. O-O a6
9. Rc1 c5 10. d5 e5 11. g3 f5 12. exf5 gxf5 13. Nh4 O-O 14. Qc2 e4 15. Be2 Ne5
16. Kh1 b5 17. cxb5 axb5 18. Bxb5 Bb7 19. Qd2 Kh7 20. Bf4 Qa5 21. Bxe5 Bxe5 22.
Bc4 Bf6 23. f3 Bg5 24. Qe2 Bxc1 25. Rxc1 Rae8 26. fxe4 Qa8 27. Qd3 Bc8 28. exf5
Kg7 29. Rf1 Qb7 30. f6+ 1-0

[Event "36. Copenhagen Open (Politiken Cup)"]
[Site "Elsinore"]
[Date "2014.07.29"]
[Round "10"]
[White "Schjolin, John"]
[Black "Thybo, Jan"]
[Result "0-1"]
[WhiteElo "1317"]
[BlackElo "1347"]
[PlyCount "122"]
[EventDate "2014.07.21"]
[EventType "swiss"]
[EventRounds "10"]
[EventCountry "DEN"]
[Source "ChessBase"]
[SourceDate "2014.08.29"]

1. c4 Nf6 2. Nc3 g6 3. d4 Bg7 4. Nf3 d6 5. e3 O-O 6. Be2 Nbd7 7. O-O e5 8. dxe5
dxe5 9. e4 Nh5 10. g3 Nc5 11. Be3 Ne6 12. Qxd8 Rxd8 13. Ng5 Nxg5 14. Bxg5 Nf6
15. Nd5 Rd6 16. Rfd1 Nxe4 17. Be7 Rd7 18. Ba3 c6 19. Ne7+ Kh8 20. Nxc8 Rxd1+
21. Rxd1 Rxc8 22. Rd7 Ng5 23. Rxb7 e4 24. Rxa7 Rb8 25. b3 Kg8 26. Rc7 Nf3+ 27.
Kh1 Nd4 28. Bg4 h5 29. Bd1 Be5 30. Rd7 Ra8 31. Bd6 Bg7 32. a4 Nf3 33. Bc5 Ne5
34. Rd6 Kh7 35. Rd4 f5 36. b4 Ng4 37. Rd7 Ne5 38. Rd4 Kh6 39. h4 Re8 40. Bb3
Nf3 41. Rd7 Bc3 42. Kg2 Ne5 43. Rd1 Nd3 44. Be3+ Kg7 45. b5 cxb5 46. cxb5 Ba5
47. Bc2 Ne1+ 48. Kf1 Nxc2 49. Rd7+ Kg8 50. Ke2 Nxe3 51. Kxe3 Bb6+ 52. Ke2 Ra8
53. Rb7 Bd8 54. Ke3 Kf8 55. Rd7 Be7 56. Kf4 Rxa4 57. b6 Rb4 58. b7 Ke8 59.
b8=Q+ Rxb8 60. Ra7 Kf7 61. Ke5 Rb2 0-1

[Event "36. Copenhagen Open (Politiken Cup)"]
[Site "Elsinore"]
[Date "2014.07.29"]
[Round "10"]
[White "Schmidt, Horst Hubert"]
[Black "Svane, Minna"]
[Result "1-0"]
[WhiteElo "1767"]
[BlackElo "1278"]
[PlyCount "41"]
[EventDate "2014.07.21"]
[EventType "swiss"]
[EventRounds "10"]
[EventCountry "DEN"]
[Source "ChessBase"]
[SourceDate "2014.08.29"]

1. e4 d6 2. d4 Nf6 3. f3 g6 4. Bd3 Bg7 5. Ne2 O-O 6. Be3 e5 7. c3 c6 8. Nd2 b5
9. O-O Be6 10. a4 Nbd7 11. axb5 Qc8 12. bxc6 Nc5 13. dxc5 Qxc6 14. cxd6 Qxd6
15. Bc4 Nh5 16. Ra6 Qe7 17. Bxe6 fxe6 18. Qb3 Rf6 19. Rfa1 Nf4 20. Nxf4 exf4
21. Bd4 1-0

[Event "36. Copenhagen Open (Politiken Cup)"]
[Site "Elsinore"]
[Date "2014.07.29"]
[Round "10"]
[White "Schroeder, Jan Christian"]
[Black "Romanov, Evgeny"]
[Result "1/2-1/2"]
[WhiteElo "2370"]
[BlackElo "2643"]
[PlyCount "131"]
[EventDate "2014.07.21"]
[EventType "swiss"]
[EventRounds "10"]
[EventCountry "DEN"]
[Source "ChessBase"]
[SourceDate "2014.08.29"]

1. e4 d5 2. exd5 Qxd5 3. Nc3 Qa5 4. d4 c6 5. Bc4 Bf5 6. Bd2 e6 7. Nf3 Nd7 8.
Qe2 Bb4 9. O-O Ngf6 10. a3 Bxc3 11. Bxc3 Qc7 12. b3 Nd5 13. Bd2 O-O 14. Bd3
Bxd3 15. Qxd3 b5 16. c4 bxc4 17. Qxc4 a5 18. Rac1 Rfc8 19. Rc2 Rab8 20. Rb1 h6
21. h3 Qd6 22. b4 axb4 23. axb4 Rb6 24. Ne1 Ne7 25. Ra1 Nf6 26. Ra5 Ne4 27. Nd3
Nxd2 28. Rxd2 Nf5 29. Nc5 Rd8 30. Ra3 Nxd4 31. Rad3 e5 32. f4 Qd5 33. Qc3 f6
34. fxe5 fxe5 35. Rf2 Rdb8 36. Rg3 Rxb4 37. Kh2 Ne6 38. Nxe6 Qxe6 39. Re3 R4b5
40. Rfe2 Re8 41. Rc2 e4 42. Qxc6 Qe5+ 43. g3 Kh7 44. h4 Rb1 45. Rce2 Qa1 46.
Re1 Rxe1 47. Rxe1 Qxe1 48. Qxe8 Qe2+ 49. Kg1 Qe1+ 50. Kg2 Qe2+ 51. Kg1 Qf3 52.
h5 Qxg3+ 53. Kf1 Qd3+ 54. Kf2 Qf3+ 55. Ke1 Qg2 56. Qe5 Qg1+ 57. Ke2 Qg4+ 58.
Ke1 e3 59. Qe8 Qb4+ 60. Ke2 Qd2+ 61. Kf3 Qd3 62. Qe5 Qa3 63. Qxe3 Qxe3+ 64.
Kxe3 Kg8 65. Ke4 Kf7 66. Kf5 1/2-1/2

[Event "36. Copenhagen Open (Politiken Cup)"]
[Site "Elsinore"]
[Date "2014.07.29"]
[Round "10"]
[White "Seegers, Hendrik"]
[Black "Carstensen, Jacob"]
[Result "0-1"]
[WhiteElo "2196"]
[BlackElo "2375"]
[PlyCount "52"]
[EventDate "2014.07.21"]
[EventType "swiss"]
[EventRounds "10"]
[EventCountry "DEN"]
[Source "ChessBase"]
[SourceDate "2014.08.29"]

1. d4 f5 2. c4 Nf6 3. Nc3 g6 4. g3 Bg7 5. Bg2 O-O 6. Nf3 d6 7. O-O c6 8. b3 Qe8
9. Qc2 h6 10. Ba3 g5 11. Rad1 Qh5 12. Rfe1 f4 13. Bc1 fxg3 14. fxg3 Bg4 15. Ne4
Nxe4 16. Qxe4 Rf7 17. Rf1 Nd7 18. Kh1 Bf5 19. Qe3 Nf6 20. Qg1 Ne4 21. Nh4 gxh4
22. g4 Qxg4 23. Rf4 Qg6 24. Rdf1 h3 25. Bf3 Ng5 26. Qf2 Nxf3 0-1

[Event "36. Copenhagen Open (Politiken Cup)"]
[Site "Elsinore"]
[Date "2014.07.29"]
[Round "10"]
[White "Semcesen, Daniel"]
[Black "Krantz, Christopher"]
[Result "1-0"]
[WhiteElo "2471"]
[BlackElo "2219"]
[PlyCount "83"]
[EventDate "2014.07.21"]
[EventType "swiss"]
[EventRounds "10"]
[EventCountry "DEN"]
[Source "ChessBase"]
[SourceDate "2014.08.29"]

1. Nf3 d5 2. g3 Nf6 3. Bg2 Bg4 4. d3 Nbd7 5. h3 Bh5 6. g4 Bg6 7. Nh4 e6 8. e3
Bd6 9. Qe2 Ng8 10. Nxg6 hxg6 11. Bd2 Ne7 12. Nc3 c6 13. f4 Qc7 14. O-O-O O-O-O
15. Kb1 f6 16. Qf2 e5 17. Ne2 Kb8 18. e4 dxe4 19. Bxe4 Nc5 20. Bg2 Ne6 21. fxe5
Bxe5 22. Be3 c5 23. c3 g5 24. d4 cxd4 25. cxd4 Bf4 26. d5 Bxe3 27. Qxe3 Nf4 28.
Nxf4 gxf4 29. Qe4 Nc8 30. Rhe1 Rhf8 31. h4 Rf7 32. Rc1 Qd6 33. Qf5 Re7 34. h5
Rde8 35. Rxe7 Nxe7 36. Qh7 Nc8 37. Qxg7 Re2 38. Bf1 Rd2 39. Qg8 Qd7 40. Bb5
Rxb2+ 41. Kxb2 Qxb5+ 42. Ka1 1-0

[Event "36. Copenhagen Open (Politiken Cup)"]
[Site "Elsinore"]
[Date "2014.07.29"]
[Round "10"]
[White "Skjoldager, Mikael"]
[Black "Moller, Arne"]
[Result "1-0"]
[WhiteElo "2078"]
[BlackElo "1886"]
[PlyCount "51"]
[EventDate "2014.07.21"]
[EventType "swiss"]
[EventRounds "10"]
[EventCountry "DEN"]
[Source "ChessBase"]
[SourceDate "2014.08.29"]

1. e4 c5 2. Nf3 d6 3. d4 cxd4 4. Nxd4 Nf6 5. Nc3 a6 6. Be3 e6 7. f3 Be7 8. Qd2
Qc7 9. g4 Nc6 10. O-O-O O-O 11. h4 b5 12. Kb1 Bb7 13. h5 b4 14. Nce2 Nxd4 15.
Nxd4 d5 16. e5 Nd7 17. f4 Rfc8 18. g5 Nf8 19. Bd3 Bc5 20. Rdg1 a5 21. g6 Ba6
22. gxh7+ Kh8 23. Qg2 g6 24. hxg6 fxg6 25. Bxg6 Bxd4 26. Bf7 1-0

[Event "36. Copenhagen Open (Politiken Cup)"]
[Site "Elsinore"]
[Date "2014.07.29"]
[Round "10"]
[White "Skjoldager, Per"]
[Black "Haubro, Martin"]
[Result "0-1"]
[WhiteElo "2131"]
[BlackElo "2224"]
[PlyCount "60"]
[EventDate "2014.07.21"]
[EventType "swiss"]
[EventRounds "10"]
[EventCountry "DEN"]
[Source "ChessBase"]
[SourceDate "2014.08.29"]

1. e4 e5 2. Nf3 Nc6 3. Bc4 Bc5 4. c3 Nf6 5. d3 a6 6. Bb3 d6 7. h3 Ba7 8. Nbd2
h6 9. Nf1 Be6 10. Bxe6 fxe6 11. Be3 O-O 12. Bxa7 Rxa7 13. Ng3 Ra8 14. Qd2 Qe8
15. O-O-O b5 16. d4 a5 17. dxe5 dxe5 18. Qe3 Qe7 19. Rd2 Nd7 20. Rhd1 Nb6 21.
Qe2 Qc5 22. Qe3 Qe7 23. Qe2 b4 24. c4 b3 25. axb3 a4 26. bxa4 Rxa4 27. Rd3 Nxc4
28. Rc3 Ra1+ 29. Kc2 Nb4+ 30. Kb3 Na5# 0-1

[Event "36. Copenhagen Open (Politiken Cup)"]
[Site "Elsinore"]
[Date "2014.07.29"]
[Round "10"]
[White "Skou, Niels"]
[Black "Nielsen, Morten"]
[Result "1/2-1/2"]
[WhiteElo "2141"]
[BlackElo "1970"]
[PlyCount "67"]
[EventDate "2014.07.21"]
[EventType "swiss"]
[EventRounds "10"]
[EventCountry "DEN"]
[Source "ChessBase"]
[SourceDate "2014.08.29"]

1. Nf3 Nf6 2. d4 c5 3. c4 cxd4 4. Nxd4 e5 5. Nf3 e4 6. Nd4 d5 7. g3 Nc6 8. cxd5
Qxd5 9. Be3 Ng4 10. Nc3 Nxe3 11. Nxd5 Nxd1 12. Rxd1 Bc5 13. Nb3 Bb6 14. Bg2 f5
15. f3 exf3 16. exf3 Be6 17. Ke2 O-O 18. Rhe1 Nd4+ 19. Nxd4 Bxd5 20. b3 Ba5 21.
Rg1 Rfe8+ 22. Kf2 Rac8 23. Rd3 Bb6 24. Rgd1 Rc2+ 25. R1d2 Rec8 26. Ke2 Rc1 27.
Rd1 Bxd4 28. Rxd4 R8c2+ 29. R1d2 Bc6 30. Rxc2 Rxc2+ 31. Rd2 Rxd2+ 32. Kxd2 Kf7
33. Ke3 Kf6 34. Bf1 1/2-1/2

[Event "36. Copenhagen Open (Politiken Cup)"]
[Site "Elsinore"]
[Date "2014.07.29"]
[Round "10"]
[White "Smerdon, David"]
[Black "Ramirez, Alejandro"]
[Result "1/2-1/2"]
[WhiteElo "2519"]
[BlackElo "2580"]
[PlyCount "46"]
[EventDate "2014.07.21"]
[EventType "swiss"]
[EventRounds "10"]
[EventCountry "DEN"]
[Source "ChessBase"]
[SourceDate "2014.08.29"]

1. e4 e6 2. d4 d5 3. e5 c5 4. c3 Ne7 5. Nf3 Nec6 6. Be2 b6 7. a3 a5 8. a4 Ba6
9. Na3 Bxe2 10. Qxe2 Be7 11. O-O O-O 12. Nb5 Na6 13. c4 Nab4 14. Rd1 Rc8 15. b3
Re8 16. Bf4 Qd7 17. Rac1 Qb7 18. Bg5 Bf8 19. h4 h6 20. Be3 Qb8 21. Bf4 Rcd8 22.
Bg3 Qb7 23. h5 Rd7 1/2-1/2

[Event "36. Copenhagen Open (Politiken Cup)"]
[Site "Elsinore"]
[Date "2014.07.29"]
[Round "10"]
[White "Sorensen, Bernhard W"]
[Black "Nielsen, Palle"]
[Result "0-1"]
[WhiteElo "1628"]
[BlackElo "1771"]
[PlyCount "76"]
[EventDate "2014.07.21"]
[EventType "swiss"]
[EventRounds "10"]
[EventCountry "DEN"]
[Source "ChessBase"]
[SourceDate "2014.08.29"]

1. e4 c5 2. Nf3 d6 3. d4 cxd4 4. Nxd4 Nc6 5. Nc3 Nf6 6. f3 g6 7. Be3 Bg7 8. Qd2
O-O 9. Bc4 Ne5 10. Bb3 a6 11. O-O-O Bd7 12. g4 Rc8 13. Bh6 Qa5 14. Bxg7 Kxg7
15. h4 Nc4 16. Bxc4 Rxc4 17. Nb3 Qc7 18. h5 Rc8 19. hxg6 fxg6 20. g5 Nh5 21.
Rh2 b5 22. Kb1 Rf8 23. Nd5 Qd8 24. Qe3 Be6 25. Nd4 Bg8 26. Rf1 e5 27. Ne2 Bxd5
28. exd5 Qc8 29. Nc3 Rcf4 30. Rff2 R8f7 31. Ne4 Qd8 32. Qa3 Qb6 33. Nd2 b4 34.
Qd3 Rd4 35. Qe2 Nf4 36. Qe1 Nxd5 37. b3 Nc3+ 38. Kb2 Qa5 0-1